000 00318nam a2200133Ia 4500
008 190216s9999||||xx |||||||||||||| ||und||
100 _aRajagopalan.R
245 0 _aComputer Science
250 _a1st Ed.
260 _bTata Mcgraw Hill Publishing Company Ltd
_c1993
300 _a83
650 _aComputer
942 _cBK
999 _c8447
_d8447